Normal view
MARC view
- Kumar, Vishesh
Entry Personal Name
001 - CONTROL NUMBER
- control field: 25901
003 - CONTROL NUMBER IDENTIFIER
- control field: IN-BhIIT
005 - DATE AND TIME OF LATEST TRANSACTION
- control field: 20250328104852.0
008 - FIXED-LENGTH DATA ELEMENTS
- fixed length control field: 250328|| aca||aabn | a|a d
040 ## - CATALOGING SOURCE
- Original cataloging agency: IN-BhIIT
- Transcribing agency: IN-BhIIT
100 ## - HEADING--PERSONAL NAME
- Personal name: Kumar, Vishesh
670 ## - SOURCE DATA FOUND
- Source citation: Work cat.: (IN-BhIIT)14780: Kumar, Vishesh Author, Redhat enterprise LINUX 9 for beginners :, 2024.